000 01310nam a2200337Ia 4500
001 ebr10318401
003 CaPaEBR
006 m u
007 cr cn|||||||||
008 040621s2004 maua sb 001 0 eng d
020 _z9780674008366
020 _z0674008367 (pbk.)
040 _aCaPaEBR
_cCaPaEBR
035 _a(OCoLC)436294162
050 1 4 _aBF719
_b.R63 2004eb
100 1 _aRochat, Philippe,
_d1950-
245 1 4 _aThe infant's world
_h[electronic resource] /
_cPhilippe Rochat.
250 _a1st Harvard Univ. Press pbk. ed.
260 _aCambridge, MA ;
_aLondon, Eng. :
_bHarvard University Press,
_c2004.
300 _aix, 262 p. :
_bill.
490 1 _aThe developing child
500 _aOriginally published in hardcover 2001.
504 _aIncludes bibliographical references (p. [237]-254) and index.
533 _aElectronic reproduction.
_bPalo Alto, Calif. :
_cebrary,
_d2009.
_nAvailable via World Wide Web.
_nAccess may be limited to ebrary affiliated libraries.
650 0 _aInfant psychology.
650 0 _aInfants
_xDevelopment.
655 7 _aElectronic books.
_2local
710 2 _aebrary, Inc.
830 0 _aDeveloping child.
856 4 0 _uhttp://site.ebrary.com/lib/rucke/Doc?id=10318401
_zAn electronic book accessible through the World Wide Web; click to view
999 _c59737
_d59737